000 00947cab a2200301 4500
001 WB2350-20
008 090401t1987 xxu||||| |||| 00| 0 eng d
035 _a(Sirsi) u72951
041 _aeng
245 _aOxfordshire new town
260 _c1987
350 _a0
490 _aFinancial Times
_v16/12/87 p7 Daily Telegraph 16/12/87 p4
520 _aPlans for a new town housing up to 15,000 people have been revealed by Consortium Developments , the group of housebuilders, on a site to the east of Oxford . The development, to be called Stone Bassett has come under strong criticism from conservationists.
650 _aBARRATT DEVELOPMENTS
650 _aBEAZER
650 _aBOVIS
650 _aGREEN BELT
650 _aIDEAL HOMES
650 _aJOHN LAING
650 _aLOVELL
650 _aTARMAC
650 _aWILCON
650 _aWIMPEY
690 _aPLANNING LAW AND PRACTICE
942 _n0
948 _c04/03/1997
999 _c46116
_d46116